Welcome to CU Library Online Public Access Catalogue (OPAC)

Privacy and press freedom / (Record no. 3128)

MARC details
000 -LEADER
fixed length control field 01059cam a2200277 a 4500
001 - CONTROL NUMBER
control field 13419828
005 - DATE AND TIME OF LATEST TRANSACTION
control field 20250127203903.0
008 - FIXED-LENGTH DATA ELEMENTS--GENERAL INFORMATION
fixed length control field 951019s1995 enk b 001 0 eng d
020 ## - INTERNATIONAL STANDARD BOOK NUMBER
International Standard Book Number 1854314548
050 00 - LIBRARY OF CONGRESS CALL NUMBER
Classification number K3255
Item number .W33 1995
082 04 - DEWEY DECIMAL CLASSIFICATION NUMBER
Classification number 344.202858
Edition information 20
100 1# - MAIN ENTRY--PERSONAL NAME
Personal name Wacks, Raymond.
245 10 - TITLE STATEMENT
Title Privacy and press freedom /
Statement of responsibility, etc. Raymond Wacks.
260 ## - PUBLICATION, DISTRIBUTION, ETC.
Place of publication, distribution, etc. London :
Name of publisher, distributor, etc. Blackstone Press,
Date of publication, distribution, etc. 1995.
300 ## - PHYSICAL DESCRIPTION
Extent xvi, 181 p. ;
Dimensions 23 cm.
650 #0 - SUBJECT ADDED ENTRY--TOPICAL TERM
Topical term or geographic name entry element Freedom of the press.
650 #0 - SUBJECT ADDED ENTRY--TOPICAL TERM
Topical term or geographic name entry element Privacy, Right of.
650 #0 - SUBJECT ADDED ENTRY--TOPICAL TERM
Topical term or geographic name entry element Freedom of the press
Geographic subdivision Great Britain.
650 #0 - SUBJECT ADDED ENTRY--TOPICAL TERM
Topical term or geographic name entry element Privacy, Right of
Geographic subdivision Great Britain.
650 #0 - SUBJECT ADDED ENTRY--TOPICAL TERM
Topical term or geographic name entry element Freedom of the press
Geographic subdivision United States.
650 #0 - SUBJECT ADDED ENTRY--TOPICAL TERM
Topical term or geographic name entry element Privacy, Right of
Geographic subdivision United States.
856 42 - ELECTRONIC LOCATION AND ACCESS
Materials specified Publisher description
Uniform Resource Identifier <a href="http://www.loc.gov/catdir/enhancements/fy0616/2003495523-d.html">http://www.loc.gov/catdir/enhancements/fy0616/2003495523-d.html</a>
856 41 - ELECTRONIC LOCATION AND ACCESS
Materials specified Table of contents only
Uniform Resource Identifier <a href="http://www.loc.gov/catdir/enhancements/fy0616/2003495523-t.html">http://www.loc.gov/catdir/enhancements/fy0616/2003495523-t.html</a>
856 42 - ELECTRONIC LOCATION AND ACCESS
Materials specified Contributor biographical information
Uniform Resource Identifier <a href="http://www.loc.gov/catdir/enhancements/fy0724/2003495523-b.html">http://www.loc.gov/catdir/enhancements/fy0724/2003495523-b.html</a>
942 ## - ADDED ENTRY ELEMENTS (KOHA)
Source of classification or shelving scheme Library of Congress Classification
Koha item type Books
Suppress in OPAC No
999 ## -
-- 3128
-- 3128

No items available.

© 2023-2024 Copyright: Central University Libraries. All Rights Reserved | Created by: Mahone Tech Office